| 000 | 00317nam a22001217a 4500 | ||
|---|---|---|---|
| 020 | _a9781405315739 | ||
| 100 | _aST.JOHN AMBULANCE,ST ANDREW AMBULANCE & BRITISH RED CROSS | ||
| 245 | _aFIRST AID MANUAL | ||
| 250 | _aLATEST UPDATE | ||
| 260 |
_aUK _bDORLING KINDERSLEY LTD _c2006 |
||
| 300 |
_a288 _bILL |
||
| 942 | _cBK | ||
| 999 |
_c251028 _d251028 |
||